Technical assistance administration in East Africa. (Record no. 3563)

MARC details
000 -LEADER
fixed length control field 00960cam a2200289 4500
001 - CONTROL NUMBER
control field 1265017
003 - CONTROL NUMBER IDENTIFIER
control field OSt
005 - DATE AND TIME OF LATEST TRANSACTION
control field 20230704083631.0
008 - FIXED-LENGTH DATA ELEMENTS--GENERAL INFORMATION
fixed length control field 740511s1973 sw b 000 0 eng
010 ## - LIBRARY OF CONGRESS CONTROL NUMBER
LC control number 74164614
015 ## - NATIONAL BIBLIOGRAPHY NUMBER
National bibliography number S73-32/33
040 ## - CATALOGING SOURCE
Original cataloging agency DLC
Transcribing agency DLC
Modifying agency DLC
043 ## - GEOGRAPHIC AREA CODE
Geographic area code fe-----
082 00 - DEWEY DECIMAL CLASSIFICATION NUMBER
Classification number 338.967
Item number TAN
100 1# - MAIN ENTRY--PERSONAL NAME
Personal name Tandon, Yashpal,
Dates associated with a name 1939-
245 10 - TITLE STATEMENT
Title Technical assistance administration in East Africa.
Statement of responsibility, etc. Ed. by Yashpal Tandon. Contributors: Reginald H. Green ... [Publ. by] the Dag Hammarskjöld Foundation.
260 ## - PUBLICATION, DISTRIBUTION, ETC. (IMPRINT)
Place of publication, distribution, etc. Stockholm,
Name of publisher, distributor, etc. Almqvist & Wiksell,
Date of publication, distribution, etc. 1973.
300 ## - PHYSICAL DESCRIPTION
Extent 209 p.
Dimensions 21 cm.
350 ## - PRICE (NR) (BK AM CF MU VM SE) [OBSOLETE]
Price kr.30.00
504 ## - BIBLIOGRAPHY, ETC. NOTE
Bibliography, etc Includes bibliographical references.
610 20 - SUBJECT ADDED ENTRY--CORPORATE NAME
Corporate name or jurisdiction name as entry element United Nations
General subdivision Technical assistance.
650 #0 - SUBJECT ADDED ENTRY--TOPICAL TERM
Topical term or geographic name as entry element Technical assistance
Geographic subdivision Africa, East.
700 1# - ADDED ENTRY--PERSONAL NAME
Personal name Green, Reginald Herbold.
710 2# - ADDED ENTRY--CORPORATE NAME
Corporate name or jurisdiction name as entry element Dag Hammarskjöld Foundation.
906 ## - LOCAL DATA ELEMENT F, LDF (RLIN)
a 7
b cbc
c orignew
d 3
e ncip
f 19
g y-gencatlg
942 ## - ADDED ENTRY ELEMENTS (KOHA)
Source of classification or shelving scheme Dewey Decimal Classification
Koha item type Books
Holdings
Withdrawn status Lost status Source of classification or shelving scheme Damaged status Not for loan Home library Current library Date acquired Total Checkouts Full call number Barcode Date last seen Price effective from Koha item type
    Dewey Decimal Classification     County Hall Archives County Hall Archives 07/04/2023   338.967 TAN 10000366 07/04/2023 07/04/2023 Books
LIBRARY OPENING HOURS

When the Parliament is sitting: 8.00a.m - 7.00p.m or until the house adjourns
Mondays and Fridays and when the House is on Recess:  8.00a.m - 5.00p.m
Closed on Weekends and Public Holidays

Online Public Access Catalog (OPAC)
Website: http://www.parliament.go.ke
Bunge Library: https://libraryir.parliament.go.ke
Contact: library@parliament.go.ke | Tel no: (254-2)2221291 or 2848000 Ext 5043